000
00219nam a2200097Ia 4500
008
190216s9999||||xx |||||||||||||| ||und||
100
_a
Null
245
0
_a
Organic Chemistry
260
_b
Sarkar P B&Rakshit P C
942
_c
BK
999
_c
1986
_d
1986